000 00465pab a2200181 454500
008 180718b2011 xxu||||| |||| 00| 0 eng d
100 _aBaisya, Arup
245 _aThe left in decline: A historical perspective
260 _c2011
300 _ap.77-79.
362 _a19 Nov
650 _aCPI (M)
650 _aIndia - Politics and government
650 _aPolitics and government
773 _aEconomic and Political Weekly
908 _aN
909 _a94467
999 _c94467
_d94467